000 00290nam a22001337a 4500
008 170927b xxu||||| |||| 00| 0 eng d
020 _a9780075692423
041 _aeng
080 _a37
100 _a47
101 _aEDU
245 _aOPEN COURT READING
_cADAMS,J.M
942 _2udc
_cBK
999 _c30203
_d30203